00399 2200145 4500001002100000005001500021035002000036245007200056100003500128300001200163260004400175082000800219084001400227990001200241INLIS00000000000199920250527083413 a0010-05250002911 aKi Gede Sebayu Babad Negeri Tegal /cDepartemen Pendidikan Nasional0 aDepartemen Pendidikan Nasional a334 hlm aJakarta :bIntermedia Paramedina,c2005 a813 a813 DEP k a0712976